000 01797cad a22002655a 4500
001 L145195
008 080915e20080911xxk f 000 0 eng d
020 _a9781409803720
035 _a(Sirsi) u145195
041 0 _aeng
050 0 4 _a306.11
100 1 _aCole, Ian
245 0 4 _aThe Cole report
_bdelivering cross-domain regulation for social housing
_h[electronic resource]
260 _aWetherby
_bDCLG
_c2008
505 2 _aPolicy background and aims of the advisory panel -- Focus of the panel's work: delivering for tenants; delivering for local authorities -- Delivering cross-domain regulation, acknowledging difference, aiming for equity: regulation and the local government framework, standard setting and performance measurement; regulation and the local government framework, coordination of interventions -- The advisory panel's recommendations -- The next steps
505 2 _aAnnexes: the local performance framework; the advisory panel's terms of reference; Tenant Services Authority's fundamental objectives
520 _aReport presents the findings of a panel of independent stakeholders tasked with creating recommendations to government on ways to extend the scope of the Tenant Services Authority to include local authority social housing. The findings of the report are guidance to government (not government policy) and should be taken as such.
521 _aAdvanced
590 _aKA
651 4 _aUnited Kingdom
_y
690 _aPROPERTY-RESIDENTIAL PROPERTY-RESIDENTIAL PROPERTY TENURE-LEASEHOLD RESIDENTIAL PROPERTY
710 1 _aUnited Kingdom
_bDepartment for Communities and Local Government
_94939
856 4 0 _uhttps://www.communities.gov.uk/documents/housing/pdf/thecolereport
_z View the website free of charge at www.communities.gov.uk
942 _n0
999 _c108721
_d108721